00474nam a2200169Ia 4500003000400000005001700004008004100021020002000062040000700082041001200089082001500101100001700116245008900133260004200222300001400264650002600278OSt20251030191833.0210423s2011 xx 000 0 und d a978-07-107482-7 cAL aEnglish a350 bLAXP aLaxmikanth M aPublic administrationb: for state civil services and other competitive examinations aNew DelhibMcGrawhill Educationc2011 ax,982bPB aPublic Administration